| 000 | 00732nas a2200241 4500 | ||
|---|---|---|---|
| 001 | BR8306488 | ||
| 003 | BR-BrBNA | ||
| 005 | 20231205085731.0 | ||
| 007 | ta | ||
| 008 | 230509b bl.|||p| |||| 00| 00por d | ||
| 040 |
_aBR-BrBNA _bpor _cBiblioteca Nacional de Agricultura |
||
| 041 | _a(Pt) | ||
| 072 | _aM40 | ||
| 100 | 1 | _aCarvalho, F.M. | |
| 245 | 1 | _aMarcacao de peixes na regiao do Janauca Manaus (AM)[Potamorhina pristigster, branquinha peito de aco] | |
| 650 | _aPEIXE | ||
| 650 | _aMIGRACAO ANIMAL | ||
| 650 | _aMARCACAO | ||
| 650 | _aAMAZONAS | ||
| 773 | 0 |
_tActa Amazonica (Brazil) _xISSN 0044-5967 _g(Jul 1983), v. 13(3-4) p. 707-708 _wBR8306488 |
|
| 909 |
_a202311 _bLúcia _c55 _dLúcia Elande |
||
| 942 |
_2AGRIS _n0 _cANA |
||
| 999 |
_c113433 _d113433 |
||